00310nam a2200109Ia 4500008004100000082000800041100001400049245002100063942000600084952009500090999001500185240331s9999 xx 000 0 und d bCOO aCooray, M 0aEnglish Grammar  cL 001040708LaWERCLbWERCLcSSCd2024-03-31l0o 407 COOp1681r2024-03-31w2024-03-31yL c3029d3029